No more deep pockets (Record no. 74557)
[ view plain ]
| 000 -LEADER | |
|---|---|
| fixed length control field | 01198cab a2200217 4500 |
| 001 - CONTROL NUMBER | |
| control field | ABS68205 |
| 008 - FIXED-LENGTH DATA ELEMENTS--GENERAL INFORMATION | |
| fixed length control field | 041001n2004 000 0 eng u |
| 035 ## - SYSTEM CONTROL NUMBER | |
| System control number | (Sirsi) u127605 |
| 100 ## - MAIN ENTRY--PERSONAL NAME | |
| Personal name | Trevelyan, L. |
| 245 ## - TITLE STATEMENT | |
| Title | No more deep pockets |
| 260 ## - PUBLICATION, DISTRIBUTION, ETC. | |
| Date of publication, distribution, etc. | 2004 |
| 490 ## - SERIES STATEMENT | |
| Series statement | Law Society's Gazette |
| Volume/sequential designation | 101(33) 2 September 2004, 22-25(3) |
| 520 ## - SUMMARY, ETC. | |
| Summary, etc. | Examines the effect of the introduction of the Limited Liability Partnerships Act 2000. This allowed for the creation of a new legal entity which once registered as a Limited Liability Partnership (LLP) is liable to third parties rather than its members. Points out the advantages of this scheme which includes the recruitment and retension of staff as well as the obvious benefit of limiting of liability. Also discusses the uncertainties connected to this area including whether individual members are completely absolved of responsibility for liability, or if a member of an LLP can be sued for negligence. |
| 590 ## - LOCAL NOTE (RLIN) | |
| Local note | ABS |
| 650 ## - SUBJECT ADDED ENTRY--TOPICAL TERM | |
| Topical term or geographic name entry element | LIMITED LIABILITY PARTNERSHIPS ACT 2000 |
| 650 ## - SUBJECT ADDED ENTRY--TOPICAL TERM | |
| Topical term or geographic name entry element | LIMITED LIABILITY PARTNERSHIPS |
| 650 ## - SUBJECT ADDED ENTRY--TOPICAL TERM | |
| Topical term or geographic name entry element | LAW FIRMS |
| 650 ## - SUBJECT ADDED ENTRY--TOPICAL TERM | |
| Topical term or geographic name entry element | THIRD PARTY RIGHTS |
| 690 ## - LOCAL SUBJECT ADDED ENTRY--TOPICAL TERM (OCLC, RLIN) | |
| Topical term or geographic name as entry element | MANAGEMENT-BUSINESS MANAGEMENT |
| 942 ## - ADDED ENTRY ELEMENTS (KOHA) | |
| Suppress in OPAC | 0 |
| Withdrawn status | Lost status | Source of classification or shelving scheme | Damaged status | Not for loan | Home library | Current library | Shelving location | Date acquired | Total Checkouts | Full call number | Barcode | Date last seen | Copy number | Price effective from | Koha item type |
|---|---|---|---|---|---|---|---|---|---|---|---|---|---|---|---|
| Dewey Decimal Classification | London | London | Journal article | 01/10/2004 | ABS68205 | 127605-1001 | 06/08/2019 | 1 | 06/08/2019 | Journal article |